000 00616nam a2200193 i 4500
001 182549
003 ES-MaACL
005 20230906221636.0
008 130917s1892 sp |||| | spa d
245 0 0 _aLa Época
_b: suplemento al número 14.455.
260 _a[Madrid :
_bLa Época,
_c1892?]
300 _a70 p. ;
_c33 cm.
505 8 _aContiene: Las memorias del Sr. Dato, Corbalán, Aguilera
650 4 _aAdministración municipal-
_zMadrid.
_9153436
700 1 _aDato, Eduardo,
_d1856-1921
_942789
700 0 _aAguilera, Alfredo.
_918756
852 _aES-MaACL
_jT-653-F-9
999 _c182549
_d182549